[Event "Capablanca mem open"]
[Site "La Habana CUB"]
[Date "2006.11.25"]
[Round "5.5"]
[White "Abreu, Aryam"]
[Black "Perez, Orelvis"]
[Result "1-0"]
[WhiteElo "2465"]
[BlackElo "2415"]
[PlyCount "93"]
[EventDate "2006.11.21"]
[EventType "swiss"]
[EventRounds "9"]
[EventCountry "CUB"]
[Source "lmi"]
[SourceDate "2006.11.21"]

1. e4 c5 2. Nf3 d6 3. d4 cxd4 4. Nxd4 Nf6 5. Nc3 g6 6. Be3 Bg7 7. f3 O-O 8. Qd2
Nc6 9. Bc4 Bd7 10. Bb3 Nxd4 11. Bxd4 b5 12. a4 Qa5 13. Nxb5 Qxd2+ 14. Kxd2 Bxb5
15. axb5 Nxe4+ 16. Ke3 Bxd4+ 17. Kxd4 Nf6 18. Ra5 Rfb8 19. Rha1 Rb7 20. c4 Nd7
21. Bc2 f5 22. b4 e5+ 23. Kc3 Kf8 24. Bb3 Ke7 25. c5 Rc7 26. Bd5 Rac8 27. c6
Nb6 28. Bb3 Ra8 29. Ra6 Nc8 30. g4 Rb8 31. R6a5 Kf6 32. gxf5 gxf5 33. f4 exf4
34. Bc4 Re7 35. Bd5 Nb6 36. Kd4 Nc8 37. Rc1 a6 38. Rxa6 Rxb5 39. Kc4 Rb8 40.
Kb3 Re3+ 41. Ka4 f3 42. c7 Rb6 43. Ra8 Re8 44. Ka5 f2 45. Rxc8 Rb5+ 46. Kxb5
Re1 47. Bc4 1-0

[Event "Capablanca mem open"]
[Site "La Habana CUB"]
[Date "2006.11.25"]
[Round "5.7"]
[White "De La Paz, Frank"]
[Black "Vera, Reynaldo"]
[Result "1/2-1/2"]
[WhiteElo "2442"]
[BlackElo "2510"]
[PlyCount "89"]
[EventDate "2006.11.21"]
[EventType "swiss"]
[EventRounds "9"]
[EventCountry "CUB"]
[Source "lmi"]
[SourceDate "2006.11.21"]

1. e4 c5 2. Nf3 d6 3. d4 cxd4 4. Nxd4 Nf6 5. Nc3 a6 6. Be3 Nc6 7. f3 e6 8. Qd2
Be7 9. O-O-O O-O 10. g4 Nd7 11. Kb1 Nde5 12. Qg2 Nxd4 13. Bxd4 Nc6 14. Be3 b5
15. g5 Qa5 16. h4 b4 17. Ne2 d5 18. exd5 b3 19. axb3 Nb4 20. Nc1 exd5 21. Bd2
Qc7 22. Bxb4 Bxb4 23. h5 Be6 24. Rh4 a5 25. Na2 Rfb8 26. Bd3 Bd6 27. Nc3 Rb4
28. Rxb4 axb4 29. Na4 g6 30. Qe2 Bd7 31. Bb5 Re8 32. Qf1 Re5 33. hxg6 hxg6 34.
Bxd7 Qxd7 35. f4 Rf5 36. Qa6 Bf8 37. Qa8 Qd6 38. Rd4 Rxf4 39. Rxd5 Rf1+ 40. Ka2
Qe7 41. Rd8 Kg7 42. Re8 Qd6 43. Rd8 Qe7 44. Re8 Qd6 45. Rd8 1/2-1/2

[Event "Capablanca mem open"]
[Site "La Habana CUB"]
[Date "2006.11.25"]
[Round "5.8"]
[White "Alvarez Pedraza, Aramis"]
[Black "Pedersen, Nicolai Vesterbaek"]
[Result "1-0"]
[WhiteElo "2439"]
[BlackElo "2510"]
[PlyCount "63"]
[EventDate "2006.11.21"]
[EventType "swiss"]
[EventRounds "9"]
[EventCountry "CUB"]
[Source "lmi"]
[SourceDate "2006.11.21"]

1. e4 e5 2. Nf3 Nc6 3. Bc4 Bc5 4. c3 Nf6 5. d3 a6 6. Nbd2 O-O 7. Bb3 d6 8. h3
Nh5 9. Nc4 b5 10. Ne3 Nf4 11. Nd5 Nxg2+ 12. Kf1 Nf4 13. d4 Ba7 14. Nxf4 exf4
15. Bxf4 Na5 16. Bc2 Qf6 17. Bc1 h6 18. Qd3 Qg6 19. Nh4 Qh5 20. Qg3 Kh8 21. Kg2
Bb7 22. Kh2 b4 23. Rg1 Rg8 24. e5 g5 25. Qd3 Rg7 26. Nf5 Rgg8 27. Nxh6 Qxh6 28.
Bxg5 Rxg5 29. Rxg5 Rg8 30. Rag1 Rxg5 31. Rxg5 Qh4 32. Qf5 1-0

[Event "Capablanca mem open"]
[Site "La Habana CUB"]
[Date "2006.11.25"]
[Round "5.9"]
[White "Mosquera, Miguel"]
[Black "Landenbergue, Claude"]
[Result "1/2-1/2"]
[WhiteElo "2425"]
[BlackElo "2446"]
[PlyCount "33"]
[EventDate "2006.11.21"]
[EventType "swiss"]
[EventRounds "9"]
[EventCountry "CUB"]
[Source "lmi"]
[SourceDate "2006.11.21"]

1. e4 c5 2. Nf3 Nc6 3. c3 Nf6 4. e5 Nd5 5. Bc4 e6 6. O-O d6 7. d4 cxd4 8. cxd4
Be7 9. Nbd2 O-O 10. Ne4 Qc7 11. Bxd5 exd5 12. Nc3 Re8 13. Bf4 dxe5 14. Nxe5
Nxe5 15. Bxe5 Qd7 16. Qa4 Qxa4 17. Nxa4 1/2-1/2

[Event "Capablanca mem open"]
[Site "La Habana CUB"]
[Date "2006.11.25"]
[Round "5.10"]
[White "Hoi, Carsten"]
[Black "Gongora, Maikel"]
[Result "1-0"]
[WhiteElo "2413"]
[BlackElo "2467"]
[PlyCount "69"]
[EventDate "2006.11.21"]
[EventType "swiss"]
[EventRounds "9"]
[EventCountry "CUB"]
[Source "lmi"]
[SourceDate "2006.11.21"]

1. d4 e6 2. c4 Nf6 3. Nc3 Bb4 4. e3 c5 5. Bd3 b6 6. Nge2 Bb7 7. O-O O-O 8. d5
Bxc3 9. Nxc3 exd5 10. cxd5 Ba6 11. Bxa6 Nxa6 12. e4 d6 13. Bg5 h6 14. Bh4 b5
15. f4 b4 16. Ne2 Re8 17. Ng3 Nb8 18. e5 dxe5 19. fxe5 Rxe5 20. Bxf6 gxf6 21.
Nf5 Kh7 22. Qc2 Qxd5 23. Rad1 Qe4 24. Qb3 c4 25. Qh3 Rxf5 26. Rxf5 Nc6 27. Rxf6
Ne5 28. Qxh6+ Kg8 29. Qg5+ Ng6 30. h4 c3 31. bxc3 bxc3 32. h5 c2 33. Rc1 Qd4+
34. Kh2 Kg7 35. Rcf1 1-0

[Event "Capablanca mem open"]
[Site "La Habana CUB"]
[Date "2006.11.25"]
[Round "5.13"]
[White "Resende, Antonio Carlos"]
[Black "Perez, Luis Manuel"]
[Result "0-1"]
[WhiteElo "2402"]
[BlackElo "2455"]
[PlyCount "104"]
[EventDate "2006.11.21"]
[EventType "swiss"]
[EventRounds "9"]
[EventCountry "CUB"]
[Source "lmi"]
[SourceDate "2006.11.21"]

1. c4 e5 2. g3 Nf6 3. Bg2 d5 4. cxd5 Nxd5 5. Nc3 Nb6 6. Nf3 Nc6 7. O-O Be7 8.
d3 O-O 9. Be3 f5 10. Qc1 Kh8 11. Rd1 Bd6 12. Nb5 f4 13. Nxd6 fxe3 14. Ne4 exf2+
15. Nxf2 Nd4 16. Qd2 Qe7 17. Rf1 c5 18. Rac1 Be6 19. Ne4 Bxa2 20. Nxc5 Rac8 21.
b4 Bd5 22. e4 Nxf3+ 23. Rxf3 Rxf3 24. Bxf3 Bg8 25. Bg4 Rd8 26. Kg2 Nc4 27. Qe2
Nd6 28. Qe3 Nb5 29. h4 b6 30. Na6 Qb7 31. Ra1 h6 32. Bd1 Nd4 33. Kg1 Be6 34.
Qf2 Bd7 35. Qf7 Qc6 36. Qc4 Qg6 37. Kg2 Rf8 38. Qc3 Qe6 39. g4 Qg6 40. Qe1 Nc2
41. Bxc2 Qxg4+ 42. Qg3 Qe2+ 43. Kg1 Qxc2 44. Rf1 Rxf1+ 45. Kxf1 Bb5 46. Qxe5
Qxd3+ 47. Kf2 Bxa6 48. Qe8+ Kh7 49. h5 Qf1+ 50. Kg3 Qg1+ 51. Kf3 Qg5 52. e5 Bc4
0-1

[Event "Capablanca mem open"]
[Site "La Habana CUB"]
[Date "2006.11.25"]
[Round "5.14"]
[White "Aponte, Ernesto"]
[Black "Prasca, Raphael"]
[Result "0-1"]
[WhiteElo "2115"]
[BlackElo "2448"]
[PlyCount "111"]
[EventDate "2006.11.21"]
[EventType "swiss"]
[EventRounds "9"]
[EventCountry "CUB"]
[Source "lmi"]
[SourceDate "2006.11.21"]

1. e4 e6 2. d4 d5 3. Nc3 Bb4 4. e5 c5 5. Bd2 Ne7 6. Nb5 Bxd2+ 7. Qxd2 O-O 8. f4
a6 9. Nd6 cxd4 10. Nf3 Nbc6 11. O-O-O f6 12. Bd3 fxe5 13. fxe5 Nxe5 14. Nxc8
Nxd3+ 15. Qxd3 Nxc8 16. Rhe1 Re8 17. Qxd4 Nd6 18. Kb1 Qf6 19. Ne5 Rac8 20. a3
b5 21. Qb6 Nc4 22. Qd4 a5 23. Re2 b4 24. axb4 axb4 25. Nxc4 dxc4 26. Qxf6 gxf6
27. Rd6 Kf7 28. Rb6 Red8 29. Rexe6 Rd1+ 30. Ka2 Ra8+ 31. Ra6 Rxa6+ 32. Rxa6 Rd2
33. Rb6 Rxg2 34. Rxb4 Rxc2 35. Kb1 Rxh2 36. Rxc4 Ke6 37. b4 Kd5 38. Rc7 Rh4 39.
b5 Rb4+ 40. Kc2 Rxb5 41. Rxh7 Ke6 42. Kd2 Re5 43. Rh1 Kf5 44. Rh5+ Kf4 45. Rh8
f5 46. Rf8 Kf3 47. Kd1 f4 48. Kd2 Kg3 49. Rg8+ Kf2 50. Rg7 f3 51. Rg8 Rd5+ 52.
Kc1 Ke3 53. Re8+ Kf4 54. Rf8+ Rf5 55. Rxf5+ Kxf5 56. Kd2 0-1

[Event "Capablanca mem open"]
[Site "La Habana CUB"]
[Date "2006.11.25"]
[Round "5.16"]
[White "Otero, Diasmany"]
[Black "Perez, Rodney"]
[Result "1/2-1/2"]
[WhiteElo "2423"]
[BlackElo "2385"]
[PlyCount "103"]
[EventDate "2006.11.21"]
[EventType "swiss"]
[EventRounds "9"]
[EventCountry "CUB"]
[Source "lmi"]
[SourceDate "2006.11.21"]

1. d4 d5 2. c4 c6 3. Nf3 Nf6 4. e3 a6 5. Qc2 e6 6. Nbd2 Nbd7 7. b3 b6 8. Bb2
Bb7 9. Bd3 Rc8 10. O-O c5 11. Rad1 cxd4 12. exd4 Qc7 13. Qb1 Bb4 14. a3 Bxd2
15. Nxd2 O-O 16. Rfe1 Rfd8 17. cxd5 exd5 18. Nf3 Ne4 19. Ne5 Nf8 20. Rc1 Qd6
21. Rxc8 Rxc8 22. f3 Ng5 23. Qd1 Nge6 24. g3 Re8 25. Qd2 f6 26. Ng4 Ng5 27. Kg2
Rxe1 28. Qxe1 Bc8 29. h4 Nge6 30. Ne3 Ng6 31. Nf5 Qd7 32. Kf2 Ne7 33. Qb4 Nxf5
34. Bxf5 Qc7 35. Qc3 Qxc3 36. Bxc3 Kf7 37. Ke3 Bd7 38. a4 g6 39. Bd3 b5 40. Bc2
Ng7 41. g4 h5 42. Bd1 f5 43. g5 Ne6 44. Bb4 Bc6 45. Bd6 Ke8 46. Kd3 Kd7 47. Be5
b4 48. Ke3 a5 49. Be2 Kc8 50. Ba6+ Kd7 51. Be2 Kc8 52. Ba6+ 1/2-1/2

[Event "Capablanca mem open"]
[Site "La Habana CUB"]
[Date "2006.11.25"]
[Round "5.17"]
[White "Garcia, Osmel"]
[Black "Pozo Vera, Sandro"]
[Result "0-1"]
[WhiteElo "2400"]
[BlackElo "2462"]
[PlyCount "58"]
[EventDate "2006.11.21"]
[EventType "swiss"]
[EventRounds "9"]
[EventCountry "CUB"]
[Source "lmi"]
[SourceDate "2006.11.21"]

1. e4 e6 2. d4 d5 3. e5 c5 4. c3 Nc6 5. Nf3 Qb6 6. Bd3 cxd4 7. O-O Bd7 8. Kh1
Rc8 9. a3 Nge7 10. cxd4 Nf5 11. Nc3 Nfxd4 12. Nxd4 Qxd4 13. f4 g6 14. Qe2 Qb6
15. Be3 Qd8 16. f5 d4 17. fxg6 hxg6 18. Ne4 dxe3 19. Nf6+ Ke7 20. Qxe3 Qa5 21.
Ng4 Bh6 22. Qf3 Nxe5 23. Qf6+ Kd6 24. Bc4 Nxg4 25. Rad1+ Kc7 26. Rxd7+ Kxd7 27.
Rd1+ Bd2 28. Qxf7+ Kd6 29. Qf4+ Ke7 0-1

[Event "Capablanca mem open"]
[Site "La Habana CUB"]
[Date "2006.11.25"]
[Round "5.18"]
[White "Ramon, Vivian"]
[Black "Barrientos, Sergio"]
[Result "0-1"]
[WhiteElo "2223"]
[BlackElo "2421"]
[PlyCount "96"]
[EventDate "2006.11.21"]
[EventType "swiss"]
[EventRounds "9"]
[EventCountry "CUB"]
[Source "lmi"]
[SourceDate "2006.11.21"]

1. Nf3 d5 2. b3 Bf5 3. Bb2 Nd7 4. g3 e6 5. d3 Ngf6 6. Bg2 h6 7. Nbd2 Be7 8. O-O
O-O 9. c4 c6 10. a3 a5 11. Qc2 Bh7 12. Bc3 Qb8 13. Qb2 Rc8 14. Ne5 Nc5 15. cxd5
exd5 16. Bh3 Re8 17. f4 Ne6 18. Ndf3 Bf8 19. Kh1 c5 20. b4 cxb4 21. axb4 a4 22.
Nd4 Qd6 23. b5 a3 24. Qd2 Nc5 25. Rfb1 Nfe4 26. dxe4 Nxe4 27. Qe1 Nxc3 28. Qxc3
Bxb1 29. Rxb1 a2 30. Ra1 Qb4 31. Qd3 Qb2 32. Qd1 Bb4 33. Nc2 Bc3 34. Nd3 Qxb5
35. Rc1 Qb3 36. Nc5 Qc4 37. Nd3 Qe4+ 38. Bg2 Qxe2 39. Na1 Bxa1 40. Qxe2 Rxe2
41. Rxa1 Ra3 42. Bf1 Rd2 43. Kg1 Rb3 44. Nc1 Rbb2 45. h3 g5 46. f5 Kg7 47. g4
b5 48. Bd3 Rxd3 0-1

[Event "Capablanca mem open"]
[Site "La Habana CUB"]
[Date "2006.11.25"]
[Round "5.19"]
[White "Braga, Cicero"]
[Black "Hernandez, Tania"]
[Result "1-0"]
[WhiteElo "2412"]
[BlackElo "2201"]
[PlyCount "109"]
[EventDate "2006.11.21"]
[EventType "swiss"]
[EventRounds "9"]
[EventCountry "CUB"]
[Source "lmi"]
[SourceDate "2006.11.21"]

1. c4 c5 2. Nf3 Nc6 3. d4 cxd4 4. Nxd4 Nf6 5. Nc3 g6 6. e4 Nxd4 7. Qxd4 d6 8.
Bg5 Bg7 9. Be2 O-O 10. Qd2 Be6 11. Rc1 Qa5 12. f3 Rfc8 13. b3 a6 14. Na4 Qd8
15. c5 Rc6 16. O-O Nd7 17. cxd6 Rxc1 18. Rxc1 f6 19. Be3 b5 20. dxe7 Qxe7 21.
Nb6 Nxb6 22. Bxb6 Bf8 23. Qd4 Bf7 24. Rc6 f5 25. e5 Be6 26. f4 Rc8 27. Rxc8
Bxc8 28. a4 Be6 29. axb5 axb5 30. Bxb5 Bxb3 31. Bc4+ Bxc4 32. Qxc4+ Kg7 33. Bd4
Kh6 34. e6 g5 35. fxg5+ Kxg5 36. Qb3 Kg6 37. Qg3+ Qg5 38. Qc7 Qe7 39. Qe5 h6
40. h3 Qg5 41. Qc7 Qe7 42. Qd7 f4 43. Kf2 Qh4+ 44. Kf1 Qe7 45. Ke2 h5 46. Kf3
Qa3+ 47. Ke4 Qa8+ 48. Qd5 Qxd5+ 49. Kxd5 Kf5 50. Be5 Be7 51. Bd6 f3 52. gxf3
Bf6 53. e7 Bxe7 54. Bxe7 Kf4 55. h4 1-0

[Event "Capablanca mem open"]
[Site "La Habana CUB"]
[Date "2006.11.25"]
[Round "5.20"]
[White "Farley, Terry"]
[Black "Muñoz, Lisandro"]
[Result "0-1"]
[WhiteElo "2246"]
[BlackElo "2396"]
[PlyCount "90"]
[EventDate "2006.11.21"]
[EventType "swiss"]
[EventRounds "9"]
[EventCountry "CUB"]
[Source "lmi"]
[SourceDate "2006.11.21"]

1. e4 e6 2. d4 d5 3. Nc3 Bb4 4. e5 c5 5. a3 Bxc3+ 6. bxc3 Qc7 7. Nf3 b6 8. a4
Ba6 9. Bb5+ Bxb5 10. axb5 a5 11. O-O Ne7 12. Qd2 Nd7 13. Ba3 O-O 14. Ng5 h6 15.
Nh3 Rac8 16. f4 Rfe8 17. f5 Nxf5 18. g4 Ne7 19. Qf2 Rf8 20. Qe2 Rfe8 21. Qf2 f5
22. Nf4 Nf8 23. gxf5 Nxf5 24. Nxd5 exd5 25. Qxf5 Ne6 26. Rad1 cxd4 27. cxd4
Qxc2 28. Qf7+ Kh7 29. Bd6 Qe4 30. Qf3 Qxf3 31. Rxf3 Rc4 32. Rf7 Rxd4 33. Rb1
Rc8 34. Re7 Nc5 35. Bc7 Na4 36. Rf1 Rg4+ 37. Kh1 d4 38. e6 Re4 39. Rff7 Rg8 40.
Rd7 Rxe6 41. Rxd4 Nc3 42. Rf5 Kg6 43. Re5 Rge8 44. Rc4 Rxe5 45. Bxe5 Rxe5 0-1

[Event "Capablanca mem open"]
[Site "La Habana CUB"]
[Date "2006.11.25"]
[Round "5.21"]
[White "Ordaz Valdes, Lisandra"]
[Black "Puntier, William"]
[Result "0-1"]
[WhiteElo "2216"]
[BlackElo "2337"]
[PlyCount "72"]
[EventDate "2006.11.21"]
[EventType "swiss"]
[EventRounds "9"]
[EventCountry "CUB"]
[Source "lmi"]
[SourceDate "2006.11.21"]

1. d4 Nf6 2. c4 c5 3. d5 e6 4. Nc3 exd5 5. cxd5 d6 6. e4 g6 7. f4 Bg7 8. Bb5+
Nfd7 9. Nf3 a6 10. Bd3 b5 11. Be3 O-O 12. O-O Nb6 13. Rb1 Re8 14. Bf2 Bg4 15.
h3 Bxf3 16. Qxf3 N8d7 17. e5 dxe5 18. f5 e4 19. Bxe4 b4 20. fxg6 fxg6 21. d6
bxc3 22. Bxa8 Qxa8 23. Qxa8 Rxa8 24. bxc3 Bxc3 25. Bxc5 Nxc5 26. Rxb6 Ne4 27.
Rc6 Bd4+ 28. Kh2 Be5+ 29. Kg1 Nxd6 30. Rd1 Nf5 31. g4 Nh4 32. Kh1 Rf8 33. Re6
Rf2 34. Kg1 Bg3 35. Re8+ Kf7 36. Re3 Nf3+ 0-1

[Event "Capablanca mem open"]
[Site "La Habana CUB"]
[Date "2006.11.25"]
[Round "5.23"]
[White "Elliott, Warren"]
[Black "Linares Napoles, Oleiny"]
[Result "1/2-1/2"]
[WhiteElo "2286"]
[BlackElo "2199"]
[PlyCount "40"]
[EventDate "2006.11.21"]
[EventType "swiss"]
[EventRounds "9"]
[EventCountry "CUB"]
[Source "lmi"]
[SourceDate "2006.11.21"]

1. e4 e5 2. Nf3 Nf6 3. Nxe5 d6 4. Nf3 Nxe4 5. Nc3 Nxc3 6. dxc3 Be7 7. Bf4 O-O
8. Qd2 Nd7 9. O-O-O Nc5 10. Nd4 Re8 11. f3 Ne6 12. Nxe6 Bxe6 13. Bd3 Qd7 14.
Kb1 a5 15. g4 Qa4 16. b3 Qa3 17. Qc1 Qc5 18. Qe3 Qxe3 19. Bxe3 Bf6 20. Bd2 Bh4
1/2-1/2

[Event "Capablanca mem open"]
[Site "La Habana CUB"]
[Date "2006.11.25"]
[Round "5.25"]
[White "Macias Murillo, Bryan"]
[Black "Diaz Ordonez, Ciro"]
[Result "0-1"]
[WhiteElo "2216"]
[BlackElo "2257"]
[PlyCount "112"]
[EventDate "2006.11.21"]
[EventType "swiss"]
[EventRounds "9"]
[EventCountry "CUB"]
[Source "lmi"]
[SourceDate "2006.11.21"]

1. Nf3 Nf6 2. g3 d5 3. Bg2 c6 4. O-O h6 5. b3 Bf5 6. Bb2 e6 7. d4 Bd6 8. c4 O-O
9. Ba3 Bxa3 10. Nxa3 Re8 11. Nc2 Nbd7 12. Ne3 Bh7 13. Rc1 Ne4 14. Nd2 Nd6 15.
Nf3 Nf6 16. Qd2 Nfe4 17. Qb2 Qe7 18. Rfd1 Rad8 19. Nd2 Nxd2 20. Rxd2 Ne4 21.
Bxe4 Bxe4 22. c5 f6 23. f3 Bg6 24. Ng2 e5 25. e3 Qd7 26. Re2 Qh3 27. Qd2 Bf7
28. Rf1 g5 29. Ref2 Bh5 30. Qc3 Rd7 31. b4 Rde7 32. a4 Bg6 33. b5 h5 34. Rb2 h4
35. gxh4 gxh4 36. dxe5 fxe5 37. Rb4 e4 38. Qf6 Rg7 39. Nf4 Qf5 40. Qxf5 Bxf5+
41. Kf2 exf3 42. Kxf3 Be4+ 43. Ke2 Kh7 44. Kd2 Reg8 45. bxc6 bxc6 46. Kc3 Kh6
47. Rb2 Rg1 48. Rff2 Rc1+ 49. Kd2 Rgg1 50. Ne6 Ra1 51. Rf6+ Rg6 52. Rxg6+ Kxg6
53. Nd4 Rh1 54. Rb7 Rxh2+ 55. Kc3 Rh1 56. Rxa7 h3 0-1

[Event "Capablanca mem open"]
[Site "La Habana CUB"]
[Date "2006.11.26"]
[Round "6.2"]
[White "Iturrizaga, Eduardo"]
[Black "Abreu, Aryam"]
[Result "0-1"]
[PlyCount "80"]
[EventDate "2006.11.21"]
[EventType "swiss"]
[EventRounds "9"]
[EventCountry "CUB"]
[Source "lmi"]
[SourceDate "2006.11.21"]
[WhiteElo "2309"]
[BlackElo "2465"]

1. e4 c5 2. Nc3 d6 3. f4 Nc6 4. Nf3 g6 5. Bb5 Bd7 6. d3 Bg7 7. Bxc6 Bxc6 8. O-O
Qd7 9. Bd2 Nh6 10. Qe1 f5 11. Qh4 e6 12. Rae1 Nf7 13. Nd5 Qd8 14. Ng5 Kd7 15.
exf5 exd5 16. fxg6 Nxg5 17. fxg5 Bd4+ 18. Kh1 hxg6 19. Qg4+ Kc7 20. Ba5+ b6 21.
Rf7+ Kb8 22. Bd2 a5 23. c3 Be5 24. Rxe5 dxe5 25. Qe6 Bb7 26. Qxe5+ Ka7 27. Qg7
Rb8 28. Bf4 Ka6 29. h3 Re8 30. Qxg6 Re1+ 31. Kh2 Qe8 32. Qg7 d4 33. cxd4 Re2
34. d5 Bxd5 35. Ra7+ Kb5 36. Kg3 Rxg2+ 37. Kh4 Qh8+ 38. Qh7 Rf8 39. Be3 Qxh7+
40. Rxh7 Rf3 0-1

[Event "Capablanca mem open"]
[Site "La Habana CUB"]
[Date "2006.11.26"]
[Round "6.3"]
[White "Zambrana, Oswaldo"]
[Black "Soto Paez, Oliver"]
[Result "1/2-1/2"]
[PlyCount "122"]
[EventDate "2006.11.21"]
[EventType "swiss"]
[EventRounds "9"]
[EventCountry "CUB"]
[Source "lmi"]
[SourceDate "2006.11.21"]
[WhiteElo "2427"]
[BlackElo "2315"]

1. e4 c5 2. Nf3 e6 3. d4 cxd4 4. Nxd4 a6 5. c4 Nf6 6. Nc3 Qc7 7. a3 b6 8. Be3
Bb7 9. f3 d6 10. Rc1 Nbd7 11. Be2 Rc8 12. O-O Be7 13. b4 O-O 14. Qd2 Qb8 15.
Kh1 Bd8 16. Rc2 Bc7 17. Bg1 Kh8 18. Rb1 Qa8 19. a4 Rg8 20. Nb3 Rgd8 21. Qc1 h6
22. Ra1 Ne5 23. a5 bxa5 24. b5 Nfd7 25. bxa6 Bxa6 26. Nb5 Nc6 27. Nxc7 Rxc7 28.
Nxa5 Nxa5 29. Rxa5 Qc8 30. Qa3 Rc6 31. Ra2 Nb8 32. c5 Bxe2 33. Rxe2 dxc5 34.
Rxc5 Rxc5 35. Qxc5 Qxc5 36. Bxc5 Rd1+ 37. Bg1 Nc6 38. h4 Nd4 39. Rb2 e5 40. Kh2
Kh7 41. Bxd4 Rxd4 42. h5 Rd7 43. Kg3 g6 44. Kg4 Kg7 45. g3 Rd3 46. hxg6 Kxg6
47. Rb6+ Kg7 48. f4 Re3 49. Kf5 Rxg3 50. Kxe5 h5 51. Kf5 h4 52. Rb2 h3 53. Rh2
Kf8 54. Kf6 Rg6+ 55. Ke5 Rg3 56. f5 Kg7 57. Kf4 Ra3 58. e5 Rb3 59. Kg4 Re3 60.
Kf4 Rb3 61. Kg4 Re3 1/2-1/2

[Event "Capablanca mem open"]
[Site "La Habana CUB"]
[Date "2006.11.26"]
[Round "6.4"]
[White "Hoi, Carsten"]
[Black "Alvarez Pedraza, Aramis"]
[Result "1/2-1/2"]
[PlyCount "94"]
[EventDate "2006.11.21"]
[EventType "swiss"]
[EventRounds "9"]
[EventCountry "CUB"]
[Source "lmi"]
[SourceDate "2006.11.21"]
[WhiteElo "2413"]
[BlackElo "2439"]

1. d4 d5 2. Nf3 Nf6 3. c4 c6 4. Nc3 a6 5. cxd5 cxd5 6. Bg5 Ne4 7. Bh4 Nc6 8. e3
Qa5 9. Qb3 Nxc3 10. bxc3 Bf5 11. Be2 e6 12. O-O b5 13. a4 b4 14. Rfc1 Bd6 15.
c4 dxc4 16. Qxc4 Ne7 17. Ne5 f6 18. Bh5+ Bg6 19. Bf3 Rd8 20. Nc6 Nxc6 21. Bxc6+
Ke7 22. e4 Bf4 23. Rcb1 Rc8 24. d5 Bd6 25. Qe2 Be5 26. Ra2 Rhd8 27. f4 Bxf4 28.
Be1 Bd6 29. Rc1 e5 30. h4 Be8 31. Rac2 Bf7 32. Kh1 Rc7 33. Rc4 Qb6 34. Bf2 Qb8
35. a5 h5 36. Bb6 Rdc8 37. Qf2 Kf8 38. Bc5 Rd8 39. Rxb4 Qc8 40. Bxd6+ Rxd6 41.
Rcb1 Rd8 42. Qc5+ Kg8 43. Rb7 Rxb7 44. Rxb7 Qg4 45. Qe7 Qxh4+ 46. Kg1 Qe1+ 47.
Kh2 Qh4+ 1/2-1/2

[Event "Capablanca mem open"]
[Site "La Habana CUB"]
[Date "2006.11.26"]
[Round "6.5"]
[White "Arencibia, Walter"]
[Black "Prasca, Raphael"]
[Result "1-0"]
[PlyCount "103"]
[EventDate "2006.11.21"]
[EventType "swiss"]
[EventRounds "9"]
[EventCountry "CUB"]
[Source "lmi"]
[SourceDate "2006.11.21"]
[WhiteElo "2530"]
[BlackElo "2448"]

1. e4 e6 2. d4 d5 3. Nc3 Bb4 4. e5 c5 5. a3 Bxc3+ 6. bxc3 Qa5 7. Bd2 Qa4 8. h4
Nc6 9. Nf3 b6 10. h5 Ba6 11. Rh4 Bxf1 12. Kxf1 cxd4 13. Kg1 Nge7 14. Nxd4 Nxd4
15. Rxd4 Qc6 16. c4 dxc4 17. Bg5 Nd5 18. Qg4 b5 19. Bh4 Rg8 20. Bg5 Kf8 21. a4
a6 22. Bc1 f5 23. exf6 gxf6 24. Qf3 Kf7 25. Bf4 b4 26. Be5 f5 27. Rad1 Rad8 28.
g3 Ne7 29. Qe3 Rxd4 30. Rxd4 Rg4 31. Qh6 Rxd4 32. Qxh7+ Ke8 33. Bxd4 Qd6 34.
Qh8+ Kd7 35. h6 e5 36. Bxe5 Qd1+ 37. Kg2 Qd5+ 38. Kh2 Qf3 39. Bd4 b3 40. cxb3
cxb3 41. Bc5 Qh5+ 42. Kg2 f4 43. Qd4+ Ke8 44. Bxe7 f3+ 45. Kg1 b2 46. Qxb2 Kxe7
47. Qb7+ Ke6 48. Qxa6+ Kf7 49. Qb7+ Ke6 50. Qc6+ Kf7 51. Qd7+ Kf8 52. Qg7+ 1-0

[Event "Capablanca mem open"]
[Site "La Habana CUB"]
[Date "2006.11.26"]
[Round "6.6"]
[White "Quezada, Yuniesky"]
[Black "Haznedaroglu, Kivanc"]
[Result "1-0"]
[PlyCount "99"]
[EventDate "2006.11.21"]
[EventType "swiss"]
[EventRounds "9"]
[EventCountry "CUB"]
[Source "lmi"]
[SourceDate "2006.11.21"]
[WhiteElo "2515"]
[BlackElo "2430"]

1. e4 e5 2. Nf3 Nc6 3. Bb5 a6 4. Ba4 Nf6 5. O-O Be7 6. Re1 b5 7. Bb3 d6 8. c3
O-O 9. h3 Na5 10. Bc2 c5 11. d4 Nd7 12. dxc5 dxc5 13. Nbd2 f6 14. Nf1 Nb6 15.
Qe2 Be6 16. Ne3 Ra7 17. b3 Rd7 18. Nf5 Rf7 19. Nxe7+ Rfxe7 20. Be3 Qc7 21. Nh4
Nb7 22. Qf3 a5 23. Rab1 Re8 24. Nf5 Nd6 25. Nxd6 Rxd6 26. Qe2 c4 27. b4 axb4
28. Rxb4 Na4 29. Bxa4 bxa4 30. Rxa4 Qc6 31. Ra7 Ra8 32. Rb1 Qe8 33. Bc5 Rd7 34.
Rxa8 Qxa8 35. Rb6 Bf7 36. Rxf6 Rd3 37. Rb6 h5 38. Bb4 Qd8 39. Rb5 Qg5 40. Kh2
Be6 41. Rb8+ Kh7 42. Rf8 Qh6 43. a4 Bg4 44. f3 Bd7 45. Qf2 h4 46. Be7 g5 47.
Qc5 g4 48. fxg4 Bxg4 49. Qf2 Be6 50. Rf6 1-0

[Event "Capablanca mem open"]
[Site "La Habana CUB"]
[Date "2006.11.26"]
[Round "6.7"]
[White "Perez, Luis Manuel"]
[Black "Vera, Reynaldo"]
[Result "1/2-1/2"]
[PlyCount "35"]
[EventDate "2006.11.21"]
[EventType "swiss"]
[EventRounds "9"]
[EventCountry "CUB"]
[Source "lmi"]
[SourceDate "2006.11.21"]
[WhiteElo "2455"]
[BlackElo "2510"]

1. e4 c5 2. Nf3 d6 3. d4 cxd4 4. Nxd4 Nf6 5. Nc3 a6 6. Bg5 e6 7. f4 Qb6 8. Qd2
Qxb2 9. Rb1 Qa3 10. f5 Nc6 11. fxe6 fxe6 12. Nxc6 bxc6 13. e5 dxe5 14. Bxf6
gxf6 15. Ne4 Qxa2 16. Rd1 Be7 17. Be2 O-O 18. O-O 1/2-1/2

[Event "Capablanca mem open"]
[Site "La Habana CUB"]
[Date "2006.11.26"]
[Round "6.9"]
[White "Almeida, Omar"]
[Black "De La Paz, Frank"]
[Result "1/2-1/2"]
[PlyCount "59"]
[EventDate "2006.11.21"]
[EventType "swiss"]
[EventRounds "9"]
[EventCountry "CUB"]
[Source "lmi"]
[SourceDate "2006.11.21"]
[WhiteElo "2500"]
[BlackElo "2442"]

1. d4 Nf6 2. c4 g6 3. Nc3 Bg7 4. e4 d6 5. h3 O-O 6. Nf3 a6 7. Be3 c6 8. a4 a5
9. Be2 Na6 10. O-O Nb4 11. Qd2 Nd7 12. Rfd1 e5 13. Ne1 Qe7 14. Nc2 exd4 15.
Bxd4 Nc5 16. Bxg7 Kxg7 17. Ra3 f5 18. exf5 Nxc2 19. Qxc2 Bxf5 20. Qd2 Rf6 21.
Bf1 Raf8 22. f3 Kg8 23. Ne2 Qc7 24. Nd4 Bc8 25. Re3 Qb6 26. b3 Ne6 27. Kh1 Nxd4
28. Qxd4 Qxd4 29. Rxd4 Kf7 30. Kg1 1/2-1/2